العلاج النفسي البراني : علاج الطاقة الأفضل للتطبيقات النفسية / (رقم التسجيلة. 117678)

تفاصيل مارك
000 -LEADER
fixed length control field 00598nam a22001817a 4500
005 - DATE AND TIME OF LATEST TRANSACTION
control field 20251108174755.0
008 - FIXED-LENGTH DATA ELEMENTS--GENERAL INFORMATION
fixed length control field 250721s2009 xx 000 0 ara d
020 ## - INTERNATIONAL STANDARD BOOK NUMBER
International Standard Book Number 9953134227
082 14 - DEWEY DECIMAL CLASSIFICATION NUMBER
Classification number 616.891/سوي
100 1# - MAIN ENTRY--PERSONAL NAME
Personal name سوي، تشوا كوك
Relator term مؤلف
245 10 - TITLE STATEMENT
Title العلاج النفسي البراني : علاج الطاقة الأفضل للتطبيقات النفسية /
246 11 - VARYING FORM OF TITLE
Title proper/short title pranic psychtherapy
264 1# - PRODUCTION, PUBLICATION, DISTRIBUTION, MANUFACTURE, AND COPYRIGHT NOTICE
Place of production, publication, distribution, manufacture بيروت :
Name of producer, publisher, distributor, manufacturer دار الخيال للنشر،
Date of production, publication, distribution, manufacture, or copyright notice 2009.
300 ## - PHYSICAL DESCRIPTION
Extent 239 ص.
650 17 - SUBJECT ADDED ENTRY--TOPICAL TERM
Topical term or geographic name as entry element العلاج النفسي
942 ## - ADDED ENTRY ELEMENTS (KOHA)
Source of classification or shelving scheme Dewey Decimal Classification
Koha item type كتب
المقتنيات
حالة السحب حالة الفقدان مصدر التصنيف حالة التلف غير قابل للإعارة المكتبة الرئيسية المكتبة الحالية موقع الرف تاريخ التزويد الرقم المتسلسل Total Checkouts رقم الإستدعاء الباركود تاريخ آخر ظهور تاريخ الفاتورة نوع المادة (كوها)
    Dewey Decimal Classification     مكتبة منتدى الرواد مكتبة منتدى الرواد الإعارة 28/07/2025 1312956   616.891/سوي PLD00106067 28/07/2025 28/07/2025 كتب
Implemented & Customized by: BBB with SCIT (Smart Chains for Information Technology)

Powered by Koha